| 000 | 00544nam a2200181Ia 4500 | ||
|---|---|---|---|
| 008 | 090630s9999 xx 000 0 und d | ||
| 082 | _b4495 | ||
| 100 | _aगडकरी रा. ग. | ||
| 245 |
_aभाव बंधन. _cगडकरी रा. ग. |
||
| 260 |
_bपुराणिक अ. मो. _c1970 |
||
| 300 | _a160 | ||
| 600 | _aगडकरी रा. ग. | ||
| 630 | _aभाव बंधन. | ||
| 655 | _aनाटक. | ||
| 700 | _aगडकरी रा. ग. | ||
| 730 | _aभाव बंधन. | ||
| 942 | _cBOOK | ||
| 999 |
_c256351 _d256351 |
||